Statistics for Modern Day Countries of Austria-Hungary on a Map

Click here to take the quiz!

General Stats

  • This quiz has been taken 26,329 times
  • The average score is 12 of 13

Answers on the Map

Answers color-coded by a green-red scale on the quiz's map according to % correct below.
Loading ...
 

Answer Stats

Answer % Correct
Austria
99%
Hungary
99%
Croatia
97%
Slovakia
97%
Czech Republic
96%
Slovenia
96%
Bosnia and Herzegovina
94%
Romania
94%
Serbia
92%
Poland
89%
Ukraine
87%
Italy
86%
Montenegro
83%

Score Distribution

Percentile by Number Answered

Percent of People with Each Score

Your Score History

You have not taken this quiz